[Event "BCF-chT4S 1617 (4NCL)"]
[Site "England"]
[Date "2017.02.12"]
[Round "6.73"]
[White "Watson, Mikey J"]
[Black "Ivanov, George"]
[Result "0-1"]
[WhiteElo "1674"]
[BlackElo "1780"]
[PlyCount "50"]
[EventDate "2016.11.26"]
[EventType "team-swiss"]
[EventRounds "11"]
[EventCountry "ENG"]
[SourceTitle "EXT 2019"]
[Source "ChessBase"]
[SourceDate "2018.10.10"]
[SourceVersion "1"]
[SourceVersionDate "2018.10.10"]
[SourceQuality "1"]
[WhiteTeam "Kent KJCA Kestrels"]
[BlackTeam "Cambridge University III"]
[WhiteTeamCountry "ENG"]
[BlackTeamCountry "ENG"]

1. d4 Nf6 2. e3 e6 3. Nf3 b6 4. Bd3 Bb7 5. b3 g6 6. Nbd2 Bg7 7. Bb2 d6 8. a3 Nbd7 9. Qe2 a5 10. 0-0-0 a4 11. b4 c5 12. bxc5 bxc5 13. Bb5 0-0 14. Nc4 Ne4 15. Nfd2 Nxd2 16. Rxd2 Nb6 17. dxc5 Nxc4 18. Qxc4 Bd5 19. Qe2 Bxb2+ 20. Kxb2 Qf6+ 21. c3 Rfb8 22. Rb1 Ra5 23. Kc1 Qxc3+ 24. Rc2 Qxa3+ 25. Kd2 Be4 0-1

[Event "BCF-chT4S 1617 (4NCL)"]
[Site "England"]
[Date "2017.02.11"]
[Round "5.53"]
[White "Ivanov, George"]
[Black "Shaw, Meyrick"]
[Result "0-1"]
[WhiteElo "1780"]
[BlackElo "1929"]
[PlyCount "50"]
[EventDate "2016.11.26"]
[EventType "team-swiss"]
[EventRounds "11"]
[EventCountry "ENG"]
[SourceTitle "EXT 2019"]
[Source "ChessBase"]
[SourceDate "2018.10.10"]
[SourceVersion "1"]
[SourceVersionDate "2018.10.10"]
[SourceQuality "1"]
[WhiteTeam "Cambridge University III"]
[BlackTeam "Brown Jack II"]
[WhiteTeamCountry "ENG"]
[BlackTeamCountry "ENG"]

1. e4 c5 2. Nc3 d6 3. Bc4 Nc6 4. f4 Nf6 5. Nf3 e6 6. d3 a6 7. a4 d5 8. exd5 exd5 9. Ba2 Be7 10. 0-0 0-0 11. Qe1 Nb4 12. Bb3 c4 13. dxc4 dxc4 14. Na2 cxb3 15. Nxb4 Qb6+ 16. Be3 Qxb4 17. c3 Qe4 18. Ng5 Qc4 19. Rd1 Qxa4 20. Bd4 Re8 21. Qh4 h6 22. Rfe1 hxg5 23. Qxg5 Qd7 24. Be5 Qf5 25. Bxf6 Qxf6 0-1

[Event "BCF-chT4S 1617 (4NCL)"]
[Site "England"]
[Date "2016.11.26"]
[Round "1.203"]
[White "Ivanov, George"]
[Black "Metcalfe, Charlie P"]
[Result "1-0"]
[WhiteElo "1830"]
[BlackElo "1750"]
[PlyCount "83"]
[EventDate "2016.11.26"]
[EventType "team-swiss"]
[EventRounds "11"]
[EventCountry "ENG"]
[SourceTitle "EXT 2019"]
[Source "ChessBase"]
[SourceDate "2018.10.10"]
[SourceVersion "1"]
[SourceVersionDate "2018.10.10"]
[SourceQuality "1"]
[WhiteTeam "Cambridge University III"]
[BlackTeam "Wood Green III"]
[WhiteTeamCountry "ENG"]
[BlackTeamCountry "ENG"]

1. e4 e6 2. d4 d5 3. exd5 exd5 4. Bd3 Bd6 5. Nc3 c6 6. Nge2 Ne7 7. Ng3 Nd7 8. Nce2 Qc7 9. c3 h6 10. Qc2 Nf6 11. h3 0-0 12. 0-0 Re8 13. Be3 Be6 14. f4 Nc8 15. Rf3 Nb6 16. f5 Bd7 17. Bf4 Nc4 18. b3 Bxf4 19. Nxf4 Nd6 20. Ngh5 Nfe4 21. Bxe4 dxe4 22. Rg3 Nxf5 23. Qf2 Qd6 24. Rf1 Kf8 25. Nxg7 e3 26. Qf3 e2 27. Nxe2 Rxe2 28. Nxf5 Bxf5 29. Qxf5 Qe6 30. Qc5+ Qe7 31. Qh5 Re6 32. Qg4 Ke8 33. Qg8+ Qf8 34. Qh7 Ke7 35. Rg7 Rf6 36. Qe4+ Re6 37. Qh4+ Ke8 38. Qg3 Ke7 39. Rgxf7+ Qxf7 40. Qc7+ Ke8 41. Qxf7+ Kd8 42. Qxe6 1-0

[Event "Daventry Robinson Cup U14"]
[Site "Daventry"]
[Date "2016.07.19"]
[Round "5.2"]
[White "Melaugh, Gavin"]
[Black "Ivanov, George"]
[Result "0-1"]
[WhiteElo "1597"]
[BlackElo "1766"]
[PlyCount "98"]
[EventDate "2016.07.18"]
[EventType "team-schev"]
[EventRounds "5"]
[EventCountry "ENG"]
[SourceTitle "EXT 2020"]
[Source "ChessBase"]
[SourceDate "2019.10.17"]
[SourceVersion "1"]
[SourceVersionDate "2019.10.17"]
[SourceQuality "1"]
[WhiteTeam "Ireland"]
[BlackTeam "England"]
[WhiteTeamCountry "IRL"]
[BlackTeamCountry "ENG"]

1. c4 Nf6 2. Nc3 c6 3. d4 d5 4. cxd5 cxd5 5. Nf3 Bf5 6. g3 e6 7. Bg2 Bb4 8. 0-0 Bxc3 9. bxc3 Ne4 10. Qb3 Qc8 11. Nh4 Nxc3 12. Nxf5 exf5 13. Bxd5 Nxd5 14. Qxd5 Nc6 15. e3 0-0 16. Ba3 Rd8 17. Qb5 f4 18. Qh5 fxe3 19. fxe3 Qe6 20. Qf3 Na5 21. Bc1 Rac8 22. Rf2 Nc4 23. Qxb7 Nxe3 24. Re2 Qd5 25. Qxd5 Nxd5 26. Ba3 Nc3 27. Rc2 Rxd4 28. Rxc3 Rxc3 29. Bb2 Rcc4 30. Bxd4 Rxd4 31. Rc1 g6 32. Rc2 Kg7 33. Kf2 a5 34. Ke3 Rd5 35. Ke4 Rb5 36. Ke3 Rb4 37. h3 h5 38. Kd3 Ra4 39. Ke3 h4 40. Kf2 Ra3 41. gxh4 Rxh3 42. Rc5 Rh2+ 43. Kg3 Rxa2 44. h5 gxh5 45. Kf4 a4 46. Ra5 a3 47. Kf3 Ra1 48. Ke2 a2 49. Kf2 Rh1 0-1

[Event "Daventry Robinson Cup U14"]
[Site "Daventry"]
[Date "2016.07.18"]
[Round "3.3"]
[White "Mansouri, Julien"]
[Black "Ivanov, George"]
[Result "0-1"]
[WhiteElo "1607"]
[BlackElo "1766"]
[PlyCount "52"]
[EventDate "2016.07.18"]
[EventType "team-schev"]
[EventRounds "5"]
[EventCountry "ENG"]
[SourceTitle "EXT 2020"]
[Source "ChessBase"]
[SourceDate "2019.10.17"]
[SourceVersion "1"]
[SourceVersionDate "2019.10.17"]
[SourceQuality "1"]
[WhiteTeam "France"]
[BlackTeam "England"]
[WhiteTeamCountry "FRA"]
[BlackTeamCountry "ENG"]

1. e4 e5 2. Nf3 Nc6 3. d4 exd4 4. Bc4 Nf6 5. Bg5 h6 6. Bxf6 Qxf6 7. c3 dxc3 8. Nxc3 Bb4 9. Qb3 Bxc3+ 10. bxc3 Na5 11. Qb4 Nxc4 12. Qxc4 Qc6 13. Qd4 0-0 14. 0-0 d6 15. Nd2 Be6 16. Qe3 Qc5 17. Qg3 Qg5 18. Qd3 f5 19. f4 Qg6 20. Qf3 Rae8 21. exf5 Rxf5 22. c4 d5 23. Qd3 Qf6 24. cxd5 Rxd5 25. Qc2 Qd4+ 26. Rf2 Qxa1+ 0-1

[Event "BCF-chT4 1516 (4NCL)"]
[Site "England"]
[Date "2016.04.30"]
[Round "9.159"]
[White "Woods, Timothy J"]
[Black "Ivanov, George"]
[Result "0-1"]
[WhiteElo "1721"]
[BlackElo "1675"]
[PlyCount "38"]
[EventDate "2015.11.14"]
[EventType "team-swiss"]
[EventRounds "11"]
[EventCountry "ENG"]
[SourceTitle "EXT 2017"]
[Source "ChessBase"]
[SourceDate "2016.10.25"]
[SourceVersion "1"]
[SourceVersionDate "2016.10.25"]
[SourceQuality "1"]
[WhiteTeam "Sussex Martlets II"]
[BlackTeam "Cambridge III"]
[WhiteTeamCountry "ENG"]
[BlackTeamCountry "ENG"]

1. e4 e5 2. Bc4 Nf6 3. d3 Bc5 4. Nf3 d6 5. 0-0 Nc6 6. c3 Bb6 7. Nbd2 0-0 8. Re1 Ne7 9. Nf1 Ng6 10. Ng3 Be6 11. Bb3 h6 12. Bc2 Nh7 13. d4 Ng5 14. dxe5 Nxf3+ 15. Qxf3 Nxe5 16. Qe2 Ng4 17. Rf1 Qh4 18. h3 Nxf2 19. Be3 Nxh3+ 0-1

[Event "London CC Intermediate"]
[Site "London"]
[Date "2016.04.08"]
[Round "5.6"]
[White "Hilton, Stephen H"]
[Black "Ivanov, George"]
[Result "1/2-1/2"]
[WhiteElo "1890"]
[BlackElo "1669"]
[PlyCount "45"]
[EventDate "2016.04.04"]
[EventType "swiss"]
[EventRounds "5"]
[EventCountry "ENG"]
[SourceTitle "EXT 2023"]
[Source "ChessBase"]
[SourceDate "2022.10.05"]
[SourceVersion "1"]
[SourceVersionDate "2022.10.05"]
[SourceQuality "1"]

1. d4 d5 2. Nf3 Nf6 3. e3 Bf5 4. c4 c6 5. Qb3 Qc7 6. cxd5 cxd5 7. Bd2 Nbd7 8. Nc3 e6 9. Rc1 Rc8 10. Bb5 a6 11. Be2 Qb6 12. 0-0 Qxb3 13. axb3 Bd6 14. Nxd5 0-0 15. Nxf6+ Nxf6 16. Rxc8 Rxc8 17. Rc1 Rxc1+ 18. Bxc1 Bc2 19. Nd2 Bb4 20. f3 Bxd2 21. Bxd2 Bxb3 22. e4 Kf8 23. Bb4+ 1/2-1/2

[Event "London CC Intermediate"]
[Site "London"]
[Date "2016.04.05"]
[Round "2.1"]
[White "Schmidt, Matthias"]
[Black "Ivanov, George"]
[Result "0-1"]
[WhiteElo "1974"]
[BlackElo "1669"]
[PlyCount "146"]
[EventDate "2016.04.04"]
[EventType "swiss"]
[EventRounds "5"]
[EventCountry "ENG"]
[SourceTitle "EXT 2023"]
[Source "ChessBase"]
[SourceDate "2022.10.05"]
[SourceVersion "1"]
[SourceVersionDate "2022.10.05"]
[SourceQuality "1"]

1. d4 Nf6 2. Nf3 d5 3. c4 c6 4. e3 Bf5 5. Nc3 e6 6. Nh4 Bg6 7. Nxg6 hxg6 8. Bd2 Bd6 9. g3 Nbd7 10. cxd5 exd5 11. Bg2 Qe7 12. Qe2 0-0-0 13. 0-0-0 Nb6 14. Kb1 Nc4 15. Bc1 Bb4 16. h4 Qc7 17. e4 Qb6 18. Ka1 Bxc3 19. bxc3 Qa5 20. Qd3 Rhe8 21. exd5 cxd5 22. Rhe1 Rxe1 23. Rxe1 Rd6 24. Re7 Ra6 25. Qc2 Na3 26. Bxa3 Qxa3 27. Rxf7 Rc6 28. Qb2 Qxc3 29. Qxc3 Rxc3 30. Kb2 Rc7 31. Bh3+ Kd8 32. Be6 Re7 33. Rxe7 Kxe7 34. Bc8 b6 35. f3 Nh5 36. g4 Nf4 37. Bb7 Kd6 38. Ba6 Ng2 39. Be2 Nxh4 40. Kc3 g5 41. Kb4 Ng6 42. Bf1 Nf4 43. Kc3 Kc6 44. a4 Ne6 45. Bb5+ Kd6 46. Bd3 Nc7 47. Kb4 Kc6 48. Bg6 a6 49. Bf7 a5+ 50. Kc3 b5 51. Kb3 bxa4+ 52. Kxa4 Kb6 53. Bg8 Nb5 54. Bf7 Nxd4 55. Bxd5 Kc5 56. Be4 Kd6 57. Kxa5 Ke5 58. Kb4 Kf4 59. Kc3 Nxf3 60. Bf5 Ne5 61. Kd2 Nxg4 62. Bc8 Kg3 63. Ke1 Nh2 64. Bb7 Ng4 65. Kf1 Kh2 66. Bc8 Ne5 67. Kf2 g4 68. Ke3 g3 69. Bb7 g2 70. Bxg2 Kxg2 71. Kf4 Nd7 72. Kf5 Nf6 73. Kg6 Ne8 0-1

[Event "BCF-ch Week1 PM op"]
[Site "Coventry"]
[Date "2015.07.28"]
[Round "2"]
[White "Ivanov, George"]
[Black "Lawrence, Roy"]
[Result "1-0"]
[WhiteElo "1780"]
[BlackElo "1870"]
[PlyCount "41"]
[EventDate "2015.07.27"]
[EventType "swiss"]
[EventRounds "5"]
[EventCountry "ENG"]
[SourceTitle "EXT 2016"]
[Source "ChessBase"]
[SourceDate "2015.10.08"]
[SourceVersion "1"]
[SourceVersionDate "2015.10.08"]
[SourceQuality "1"]

1. e4 g6 2. Nc3 Bg7 3. Bc4 d6 4. d3 Nf6 5. f4 0-0 6. Nf3 Nc6 7. 0-0 Na5 8. Bb3 Nxb3 9. axb3 c6 10. Qe1 Ng4 11. h3 Nf6 12. f5 gxf5 13. Qg3 f4 14. Qxf4 e5 15. Qh4 Be6 16. Ng5 h6 17. Nxe6 fxe6 18. Bxh6 Rf7 19. Bxg7 Kxg7 20. Rf3 Kf8 21. Raf1 1-0

[Event "London Golders Green op U1900 5th"]
[Site "London"]
[Date "2015.01.17"]
[Round "1"]
[White "Balouka Myers, Reuben"]
[Black "Ivanov, George"]
[Result "0-1"]
[WhiteElo "1507"]
[BlackElo "1704"]
[PlyCount "58"]
[EventDate "2015.01.17"]
[EventType "swiss"]
[EventRounds "5"]
[EventCountry "ENG"]
[SourceTitle "EXT 2018"]
[Source "ChessBase"]
[SourceDate "2017.10.13"]
[SourceVersion "1"]
[SourceVersionDate "2017.10.13"]
[SourceQuality "1"]

1. e4 e5 2. Nf3 Nc6 3. Bb5 d6 4. Bxc6+ bxc6 5. d4 exd4 6. Qxd4 Nf6 7. 0-0 Be7 8. e5 c5 9. Qd3 Nd7 10. Bf4 Nb6 11. exd6 cxd6 12. Re1 Be6 13. Nc3 0-0 14. Ne4 Bc4 15. Qd2 d5 16. Ng3 Bf6 17. Be5 Re8 18. b3 Bb5 19. Qa5 Nd7 20. Qxd8 Raxd8 21. Bxf6 Nxf6 22. Nf5 Ne4 23. h3 Bd7 24. Ne3 d4 25. Nc4 f6 26. Nfd2 Nxd2 27. Nxd2 Bf5 28. Nf3 Bxc2 29. Rac1 d3 0-1

[Event "BCF-chT3S 1415 (4NCL)"]
[Site "England"]
[Date "2014.11.16"]
[Round "2.69"]
[White "Stevenson, James"]
[Black "Ivanov, George"]
[Result "1-0"]
[WhiteElo "2093"]
[BlackElo "1702"]
[PlyCount "99"]
[EventDate "2014.11.15"]
[EventType "team-swiss"]
[EventRounds "6"]
[EventCountry "ENG"]
[SourceTitle "CBM 163 Extra"]
[Source "ChessBase"]
[SourceDate "2014.12.23"]
[SourceVersion "1"]
[SourceVersionDate "2014.12.23"]
[SourceQuality "1"]
[WhiteTeam "Fermented Sharks"]
[BlackTeam "Cambridge III"]
[WhiteTeamCountry "ENG"]
[BlackTeamCountry "ENG"]

1. e4 e5 2. Nf3 Nc6 3. Bb5 d6 4. d4 exd4 5. Nxd4 Bd7 6. Nc3 Nf6 7. 0-0 a6 8. Bc4 Ne5 9. Be2 Be7 10. f4 Nc6 11. Be3 0-0 12. h3 Nxd4 13. Bxd4 Bc6 14. Bf3 Re8 15. Qd2 Nd7 16. Rae1 Bf6 17. Re3 Bxd4 18. Qxd4 Qf6 19. Qxf6 Nxf6 20. Rfe1 Nd7 21. Ne2 Nc5 22. Nd4 Bd7 23. e5 dxe5 24. Rxe5 Rxe5 25. Rxe5 Ne6 26. Nxe6 Bxe6 27. Bxb7 Rd8 28. Bxa6 Bxa2 29. b3 Rd1+ 30. Kf2 f6 31. Re7 c5 32. Bc4+ Kf8 33. Rf7+ Ke8 34. Rxg7 Rd2+ 35. Kf3 Rxc2 36. Ke4 Kf8 37. Rg8+ Ke7 38. g4 Rh2 39. Rg7+ Ke8 40. Kf5 Rxh3 41. Kxf6 Rh6+ 42. Ke5 Kf8 43. Ra7 Bb1 44. Rc7 Rg6 45. Be6 Bc2 46. Rxc5 Bd1 47. Rc8+ Ke7 48. Rc7+ Kf8 49. g5 h5 50. f5 1-0

[Event "BCF-chT2c 1314 (4NCL)"]
[Site "England"]
[Date "2014.03.23"]
[Round "8.28"]
[White "Lochte, Szilvia"]
[Black "Ivanov, George"]
[Result "1/2-1/2"]
[WhiteElo "1902"]
[BlackElo "1683"]
[PlyCount "83"]
[EventDate "2013.11.16"]
[EventType "team-tourn"]
[EventRounds "11"]
[EventCountry "ENG"]
[SourceTitle "EXT 2015"]
[Source "ChessBase"]
[SourceDate "2014.11.20"]
[SourceVersion "1"]
[SourceVersionDate "2014.11.20"]
[SourceQuality "1"]
[WhiteTeam "South Wales Dragons"]
[BlackTeam "Cambridge II"]
[WhiteTeamCountry "ENG"]
[BlackTeamCountry "ENG"]

1. d4 Nf6 2. Nf3 e6 3. g3 d5 4. Bg2 Nbd7 5. 0-0 c5 6. e3 Be7 7. Nbd2 b6 8. c3 0-0 9. Qc2 Re8 10. c4 Bb7 11. b3 Rc8 12. Bb2 dxc4 13. bxc4 cxd4 14. exd4 Bb4 15. Qa4 Bxd2 16. Nxd2 Bxg2 17. Kxg2 e5 18. d5 Nc5 19. Qa3 b5 20. Rad1 bxc4 21. Nxc4 Qc7 22. Qf3 Na4 23. Rc1 Nxb2 24. Nxb2 Qb7 25. Nc4 Qxd5 26. Qxd5 Nxd5 27. Nd6 Rxc1 28. Rxc1 Rd8 29. Rc5 Nf6 30. Rc7 h6 31. Nxf7 Rd7 32. Rxd7 Nxd7 33. Nd6 Nb8 34. Kf3 Nd7 35. Ke4 Nc5+ 36. Kxe5 Nd3+ 37. Kd5 Nb4+ 38. Kc4 Nxa2 39. Kb3 Nc1+ 40. Kc2 Ne2 41. Kd3 Nc1+ 42. Kc2 1/2-1/2

[Event "BCF-chT3S 1314 (4NCL)"]
[Site "England"]
[Date "2014.01.11"]
[Round "3.249"]
[White "Ivanov, George"]
[Black "Goodwin, Ed H"]
[Result "0-1"]
[WhiteElo "1686"]
[BlackElo "1745"]
[PlyCount "102"]
[EventDate "2013.11.16"]
[EventType "team-swiss"]
[EventRounds "6"]
[EventCountry "ENG"]
[SourceTitle "EXT 2015"]
[Source "ChessBase"]
[SourceDate "2014.11.20"]
[SourceVersion "1"]
[SourceVersionDate "2014.11.20"]
[SourceQuality "1"]
[WhiteTeam "Cambridge III"]
[BlackTeam "Throw in the Tal"]
[WhiteTeamCountry "ENG"]
[BlackTeamCountry "ENG"]

1. e4 e6 2. d4 d5 3. exd5 exd5 4. Bd3 c5 5. dxc5 Bxc5 6. Ne2 Nf6 7. 0-0 0-0 8. Bf4 Bg4 9. h3 Bh5 10. Nbc3 a6 11. Bg5 d4 12. Ne4 Be7 13. Nxf6+ Bxf6 14. Bxf6 Qxf6 15. Qd2 Nc6 16. Nf4 Bg6 17. Nxg6 hxg6 18. Rac1 Rfd8 19. Rfe1 Rac8 20. Re2 Ne5 21. Be4 Nc4 22. Qb4 Nd6 23. Bd3 b5 24. Rce1 Nc4 25. Re7 Nb6 26. Ra7 Nd5 27. Qa5 Rd6 28. Be4 Nf4 29. Bb7 Rxc2 30. Ra8+ Kh7 31. Bf3 Ne6 32. Qa3 Nc7 33. Rc8 d3 34. Re4 Rd8 35. Rxd8 Qxd8 36. Rf4 d2 37. Bd1 Rc1 38. Qb3 Qe7 39. Kh2 Qe6 40. Rxf7 Qxb3 41. Bxb3 Nd5 42. Ra7 d1Q 43. Bxd1 Rxd1 44. Rxa6 b4 45. a3 b3 46. Rd6 Ne3 47. Rb6 Nf1+ 48. Kg1 Nd2+ 49. Kh2 Rb1 50. a4 Rxb2 51. a5 Ra2 0-1

[Event "Hampstead op U2200 12"]
[Site "Hampstead"]
[Date "2013.12.22"]
[Round "4"]
[White "Ivanov, George"]
[Black "Samadov, Samir"]
[Result "1-0"]
[WhiteElo "1700"]
[BlackElo "1599"]
[PlyCount "147"]
[EventDate "2013.12.21"]
[EventType "swiss"]
[EventRounds "5"]
[EventCountry "ENG"]
[SourceTitle "EXT 2015"]
[Source "ChessBase"]
[SourceDate "2014.11.20"]
[SourceVersion "1"]
[SourceVersionDate "2014.11.20"]
[SourceQuality "1"]

1. e4 e6 2. d4 d5 3. exd5 exd5 4. Bd3 Bd6 5. c3 Qe7+ 6. Be3 Nf6 7. h3 Be6 8. Nf3 h6 9. 0-0 0-0 10. Ne5 Bxe5 11. dxe5 Nfd7 12. f4 f6 13. f5 Bf7 14. e6 Be8 15. Bc2 c6 16. Qg4 Ne5 17. Qg3 Kh8 18. Rf4 Nc4 19. Bc1 b6 20. Rh4 Kh7 21. b3 Na5 22. Bf4 Na6 23. Bd6 Qb7 24. Bxf8 Qc7 25. Bd6 Qb7 26. e7 Bf7 27. Rg4 Rg8 28. Nd2 Qd7 29. Re1 Nb7 30. Bf4 Nbc5 31. b4 Nb7 32. e8Q Bxe8 33. Bxh6 Bh5 34. Rh4 gxh6 35. Qe3 Re8 36. Qf2 Rxe1+ 37. Qxe1 Qe8 38. Qf1 Qe3+ 39. Qf2 Qxf2+ 40. Kxf2 Bf7 41. a4 Nc7 42. Rf4 Nd6 43. Rf3 Nde8 44. Re3 Kg7 45. Nf3 a6 46. Nd4 c5 47. bxc5 bxc5 48. Ne6+ Bxe6 49. fxe6 d4 50. cxd4 cxd4 51. Re4 f5 52. Rxd4 Nxe6 53. Rd7+ Kf6 54. Rd5 f4 55. Rf5+ Kg7 56. Bd3 N8c7 57. Bc4 Nd8 58. Rxf4 Kg6 59. Rd4 Nde6 60. Rd6 Kf5 61. Bxe6+ Nxe6 62. Rxa6 h5 63. Rxe6 Kxe6 64. g4 hxg4 65. hxg4 Kd6 66. g5 Kc6 67. g6 Kb6 68. g7 Ka5 69. g8Q Kxa4 70. Qb8 Ka5 71. Ke3 Ka4 72. Kd4 Ka3 73. Kc3 Ka4 74. Qb4# 1-0

[Event "Hampstead op U2200 12"]
[Site "Hampstead"]
[Date "2013.12.21"]
[Round "2"]
[White "Ivanov, George"]
[Black "Olutola, Taiwo"]
[Result "0-1"]
[WhiteElo "1700"]
[BlackElo "1503"]
[PlyCount "56"]
[EventDate "2013.12.21"]
[EventType "swiss"]
[EventRounds "5"]
[EventCountry "ENG"]
[SourceTitle "EXT 2015"]
[Source "ChessBase"]
[SourceDate "2014.11.20"]
[SourceVersion "1"]
[SourceVersionDate "2014.11.20"]
[SourceQuality "1"]

1. e4 e5 2. Nf3 Nc6 3. d4 exd4 4. Bc4 Bb4+ 5. c3 dxc3 6. bxc3 Bd6 7. 0-0 Nge7 8. Qe2 0-0 9. e5 Bc5 10. Ng5 h6 11. Ne4 Bb6 12. Qh5 d5 13. exd6 cxd6 14. Bxh6 Ne5 15. Be2 N7g6 16. Bg5 f6 17. Be3 Be6 18. Bxb6 Qxb6 19. Nbd2 Nf4 20. Nc4 Nxc4 21. Qf3 Nxe2+ 22. Qxe2 Ne5 23. Rfb1 Qc6 24. f4 Bg4 25. Qe3 Nc4 26. Qd4 Rae8 27. Nf2 Bf5 28. Rc1 Ne3 0-1

[Event "Hampstead op U2200 11-B"]
[Site "Hampstead"]
[Date "2013.12.01"]
[Round "4"]
[White "Samadov, Samir"]
[Black "Ivanov, George"]
[Result "1-0"]
[WhiteElo "1594"]
[BlackElo "1700"]
[PlyCount "84"]
[EventDate "2013.11.30"]
[EventType "swiss"]
[EventRounds "5"]
[EventCountry "ENG"]
[SourceTitle "EXT 2015"]
[Source "ChessBase"]
[SourceDate "2014.11.20"]
[SourceVersion "1"]
[SourceVersionDate "2014.11.20"]
[SourceQuality "1"]

1. e4 e5 2. Nf3 Nc6 3. Bc4 Nf6 4. d3 Be7 5. c3 d6 6. h3 0-0 7. Nbd2 Na5 8. Bb5 c6 9. Ba4 b5 10. Bc2 Be6 11. 0-0 h6 12. Re1 c5 13. Nf1 Nc6 14. Ng3 Re8 15. Qe2 d5 16. b3 d4 17. c4 b4 18. Nh4 Nh5 19. Nxh5 Bxh4 20. Rf1 f5 21. exf5 Bxf5 22. Qf3 Qd7 23. Ng3 Bh7 24. Ne4 Be7 25. Bd2 Rf8 26. Qe2 Bf5 27. Ng3 Be6 28. Rae1 Rae8 29. Qe4 Bf6 30. Bd1 Ne7 31. Bh5 Rd8 32. Kh2 Nf5 33. Nxf5 Bxf5 34. Qe2 Qc7 35. Kg1 Qa5 36. Ra1 g6 37. Bxh6 Rfe8 38. Bg4 Bxg4 39. Qxg4 Kh7 40. Bd2 e4 41. Rfe1 e3 42. Bc1 Rf8 1-0

[Event "Hampstead op U2200 11-A"]
[Site "Hampstead"]
[Date "2013.11.24"]
[Round "4"]
[White "Ivanov, George"]
[Black "Jina, Asha"]
[Result "1-0"]
[WhiteElo "1717"]
[BlackElo "1439"]
[PlyCount "91"]
[EventDate "2013.11.23"]
[EventType "swiss"]
[EventRounds "5"]
[EventCountry "ENG"]
[SourceTitle "EXT 2015"]
[Source "ChessBase"]
[SourceDate "2014.11.20"]
[SourceVersion "1"]
[SourceVersionDate "2014.11.20"]
[SourceQuality "1"]

1. e4 e5 2. Nf3 Nc6 3. d4 exd4 4. Bc4 Nf6 5. e5 d5 6. Bb5 Ne4 7. Nxd4 Bd7 8. Bxc6 bxc6 9. 0-0 Bc5 10. Be3 0-0 11. Nd2 Nxd2 12. Qxd2 Rb8 13. c4 Bb4 14. Qc2 c5 15. Nf3 d4 16. Bg5 Qc8 17. a3 Ba5 18. Be7 Re8 19. Bxc5 Bf5 20. Qa4 Bb6 21. Bxd4 Bxd4 22. Nxd4 Rxe5 23. Nc6 Bd7 24. Rfe1 Rxe1+ 25. Rxe1 Kh8 26. b4 a6 27. b5 axb5 28. cxb5 Bxc6 29. bxc6 Ra8 30. Qb3 f6 31. Qb7 Qd8 32. Qb4 h6 33. h3 Ra6 34. Re6 Qd5 35. Qb8+ Kh7 36. Re8 Qxc6 37. Qb1+ f5 38. Qxf5+ Qg6 39. Qc8 Qc6 40. Rh8+ Kg6 41. Qg4+ Kf7 42. Qb4 Qc1+ 43. Kh2 Qxa3 44. Rf8+ Kg6 45. Qe4+ Kg5 46. Qg4# 1-0

[Event "BCF-ch 5-day op PM Week 1"]
[Site "Torquay"]
[Date "2013.08.03"]
[Round "5.89"]
[White "Ivanov, George"]
[Black "Bryant, Richard BE"]
[Result "0-1"]
[WhiteElo "1739"]
[BlackElo "1934"]
[PlyCount "148"]
[EventDate "2013.07.29"]
[EventType "swiss"]
[EventRounds "5"]
[EventCountry "ENG"]
[SourceTitle "EXT 2023"]
[Source "ChessBase"]
[SourceDate "2022.10.05"]
[SourceVersion "1"]
[SourceVersionDate "2022.10.05"]
[SourceQuality "1"]

1. e4 e6 2. d4 d5 3. exd5 exd5 4. Bd3 Bd6 5. h3 Ne7 6. Nf3 Nbc6 7. 0-0 Nb4 8. Be2 Bf5 9. Nh4 Bxc2 10. Qd2 Ng6 11. Nxg6 Bxg6 12. f4 Be4 13. Nc3 0-0 14. a3 Nc6 15. Nxe4 dxe4 16. b4 Ne7 17. f5 Nd5 18. Bc4 Nf6 19. Bb2 c6 20. Rae1 Bc7 21. Bc1 Qd6 22. g4 Rfe8 23. Qa2 Nd5 24. Bxd5 Qg3+ 25. Qg2 Qxg2+ 26. Kxg2 cxd5 27. Be3 Bd6 28. Rc1 Rec8 29. h4 a5 30. bxa5 Bxa3 31. Rxc8+ Rxc8 32. Ra1 Rc2+ 33. Kf1 Rc3 34. Ke2 f6 35. Rb1 Rc7 36. Bf4 Rd7 37. Rb3 Bf8 38. Rb6 h6 39. Ke3 Kf7 40. g5 hxg5 41. hxg5 fxg5 42. Bxg5 Ba3 43. Bh4 Be7 44. Bg3 Bd8 45. Rb5 Bg5+ 46. Bf4 Kf6 47. Rb1 Kxf5 48. Bxg5 Kxg5 49. Rg1+ Kf6 50. Kf4 Re7 51. Rb1 e3 52. Kf3 e2 53. Re1 Kf5 54. Rxe2 Rxe2 55. Kxe2 Ke4 56. Kd2 Kxd4 57. Ke2 Kc3 58. Kd1 g5 59. Kc1 g4 60. Kd1 d4 61. Ke2 d3+ 62. Ke1 Kc2 63. a6 d2+ 64. Kf2 bxa6 65. Kg2 d1Q 66. Kf2 a5 67. Kg2 a4 68. Kf2 a3 69. Ke3 Qf3+ 70. Kd4 a2 71. Kc4 a1Q 72. Kb4 Qfc3+ 73. Kb5 Qab2+ 74. Ka6 Qca3# 0-1

[Event "BCF-ch 5-day op PM Week 1"]
[Site "Torquay"]
[Date "2013.07.31"]
[Round "3.84"]
[White "Evans, Paul"]
[Black "Ivanov, George"]
[Result "1-0"]
[WhiteElo "1951"]
[BlackElo "1739"]
[PlyCount "69"]
[EventDate "2013.07.29"]
[EventType "swiss"]
[EventRounds "5"]
[EventCountry "ENG"]
[SourceTitle "EXT 2023"]
[Source "ChessBase"]
[SourceDate "2022.10.05"]
[SourceVersion "1"]
[SourceVersionDate "2022.10.05"]
[SourceQuality "1"]

1. Nc3 Nf6 2. e4 e5 3. g3 Bc5 4. Bg2 d6 5. Na4 Bb6 6. Nxb6 axb6 7. Ne2 Nc6 8. d3 Bg4 9. h3 Be6 10. 0-0 Qd7 11. Kh2 0-0-0 12. f4 Qe7 13. d4 exd4 14. Nxd4 Nxd4 15. Qxd4 h5 16. f5 Bd7 17. Bf4 Bc6 18. Rfe1 Nd7 19. a4 g5 20. Bd2 f6 21. b4 Qe5 22. Qe3 Nf8 23. a5 Nd7 24. Bc3 Qe7 25. axb6 Nxb6 26. Bd4 Nc4 27. Qc3 Ne5 28. Reb1 Rhf8 29. b5 Be8 30. Bb6 Kb8 31. Bxc7+ Qxc7 32. Ra8+ Kxa8 33. Qxc7 Nc6 34. Ra1+ Na7 35. Qxd8# 1-0